Osudy ekonomiky po revolúcii

Gespeichert in:
Bibliographische Detailangaben
Hauptverfasser: Dolák, Štefan, Troják, Jozef (Verfasst von)
Weitere Verfasser: Donauer, Ladislav (gup)
Format: Buch
Sprache:Slowakisch
Veröffentlicht: Martin Neografia 1991
Ausgabe:1. vyd.
Online-Zugang:Im OPAC anzeigen
Tags: Tag hinzufügen
Keine Tags, Fügen Sie das erste Tag hinzu!

MARC

LEADER 00000nam a2200000 a 4500
005 20260127134328.0
008 130620s1991 xo 0 slo
015 |a SNBA1991/10 
020 |a 8085186225 
035 |a vtls001065765 
035 |a SNK000008595 
039 9 |a 201306201055  |b VLOAD  |c 200809171336  |d mschk03  |y 200412240148  |z VLOAD 
040 |a SNK  |b slo  |c SNK  |d STUSCHK1  |e AACR2 
041 0 |a slo 
044 |a xo  |c SK 
080 |a 338(437.6)  |2 1. stred. slo 
100 1 |a Dolák, Štefan 
245 1 |a Osudy ekonomiky po revolúcii  |c Štefan Dolák, Jozef Troják ; Ladislav Donauer 
250 |a 1. vyd. 
260 |a Martin  |b Neografia  |c 1991  |e Martin  |f Neografia 
300 |a 152 s.  |c 20 cm 
700 1 |a Troják, Jozef  |4 aut 
700 1 |a Donauer, Ladislav  |4 gup  |9 407 
910 |a SCHK95 
919 |a 80-85186-22-5 
954 |a ekonomika česko-slovenská  |x vývoj  |x po r. 1989  |x výklady 
958 |a SP 
958 |a TL 
999 |c 9996  |d 9996